000 00746nam a22002417a 4500
003 DO-SdBPM
005 20250522114827.0
008 161205b201 sp a 00| 0 spa d
020 _a9786034026476
040 _aDO-SdBPM
_bspa
_cBPMSU
082 4 _a808.83
_bM618s 2010
_222
245 1 0 _aMi primer cuento :
_bEl soldadito de plomo
_c
260 _a[Perú ] :
_bEditorial Didáctica,
_c2010
300 _a[14] p. :
_bil.,;
_c29 cm.
490 0 _a Mi primer cuento
_v
500 _3Promoviendo los valores para la niñez
590 _aInventariado, 2025/VM
650 4 _aCuentos infantiles
650 4 _aComprensión de lectura.
650 4 _aLibros ilustrados para niños
910 _aVMateo V. Control de calidad. BPMSU
942 _2ddc
_cBK
999 _c15079
_d15079